[Event "ICS rated blitz match"]
[Site "207.99.83.227"]
[Date "1999.03.17"]
[Round "?"]
[White "JudgeTurpin"]
[Black "Hossa"]
[Result "1-0"]
[WhiteElo "2513"]
[BlackElo "2431"]
[Annotator "Crafty v16.6"]
[PlyCount "146"]

{annotating for player Hossa using a scoring margin of +0.10 pawns. search
time limit is 12.00} 1. d4 1... Nf6 2. c4 g6 3. Nc3 Bg7 4. e4 d6 5. Nf3 Bg4 6.
Be3 O-O 7. Be2 Nc6 8. O-O e5 ({8:-0.70} 8... e5 9. d5 Ne7 10. Qd2 c6 11. Bh6
Bxh6 12. Qxh6 cxd5 13. cxd5 $14) ({8:-0.59} 8... Re8 9. d5 Na5 10. Qd3 c5 11.
Ng5 Bxe2 12. Qxe2 12... Qd7 $14) 9. d5 Nb4 ({8:-1.10} 9... Nb4 10. Qb3 c5 11.
a3 Na6 12. Qxb7 Qb6 13. Qxb6 13... axb6 $16) ({8:-0.77} 9... Ne7 10. Qd2 Bh5
11. Bg5 Qd7 12. Bh6 Bxh6 13. Qxh6 13... Qg4 $16) 10. Qb3 a5 11. a3 Na6 12. Qxb7
Qb8 13. Qxb8 Raxb8 14. Rab1 Rb3 15. Nb5 Bxf3 ({9:-2.80} 15... Bxf3 16. gxf3 c6
17. dxc6 Rc8 18. Rfd1 Bf8 19. Nxd6 Rxc6 20. Bg5 Bxd6 21. Bxf6 $18) ({9:-0.98} 
15... Nxe4 16. Rfe1 Bf5 17. Nh4 Rb8 18. Nxf5 gxf5 19. Ba7 Rb7 20. Be3 $16) 16.
gxf3 Rb8 17. Bd1 Rxe3 18. fxe3 Bh6 19. Kf2 Kh8 20. Bc2 Bg5 21. Rg1 Bh4+ 22. Ke2
Rb7 23. Rbf1 Nc5 24. Ra1 a4 25. Rab1 Nfd7 26. Rg4 Be7 27. b4 axb3 28. Bxb3 Bf8
29. a4 Bg7 30. Bc2 Rb6 31. Rgg1 Rb7 32. Rgd1 Nf6 33. a5 Bh6 34. Rg1 Bg7 35. Ra1
Na6 36. Kd3 Rb8 37. h3 Nd7 38. Ke2 Ndc5 39. Rgb1 Rb7 40. Rb2 f5 41. Rg1 f4 42.
exf4 exf4 43. Rbb1 Nd7 44. Ba4 Ndc5 45. Bb3 Rb8 46. Rg4 Nb7 47. Rxf4 Nxa5 48.
Rg4 Rf8 49. Rgg1 Be5 50. Ba2 c6 51. dxc6 Nxc6 52. Rbd1 Nc5 53. Rgf1 Ne6 54. Ke3
Bf4+ 55. Kf2 Nc5 56. Ke2 Rf6 57. Nc3 Ne6 58. Nd5 Rf7 59. Kf2 Ncd4 60. Nxf4 Rxf4
61. Rxd4 Nxd4 62. Ke3 Ne6 63. c5 Rf6 64. cxd6 Nc5 65. e5 Rf5 66. f4 Kg7 67. Rc1
Na4 68. d7 Rf8 69. Rc8 Nb6 70. Rxf8 Nxd7 71. Rf7+ Kh8 72. Rxd7 h6 73. e6 g5 1-0

[Event "ICS Rated standard match"]
[Site "207.99.83.227"]
[Date "1999.03.17"]
[Round "?"]
[White "sumo3"]
[Black "Hossa"]
[Result "1/2-1/2"]
[WhiteElo "2398"]
[BlackElo "2165"]
[PlyCount "125"]

1. e4 d6 2. d4 Nf6 3. Nc3 Nbd7 4. Nf3 e5 5. Bc4 exd4 6. Nxd4 Be7 7. O-O Ne5 8.
Be2 O-O 9. f4 Nc6 10. Nxc6 bxc6 11. Be3 Rb8 12. Bxa7 Rxb2 13. a4 Re8 14. a5 Bf8
15. a6 Nxe4 16. Nxe4 Rxe4 17. Bd3 Reb4 18. Bc5 Rb8 19. Bd4 R2b4 20. Bc3 R4b6
21. Bd4 c5 22. Bxc5 Rb2 23. a7 Ra8 24. Bd4 Rb4 25. c3 Rb2 26. Qh5 h6 27. c4 Rb3
28. Bc2 Rb4 29. Be4 Bb7 30. Bxb7 Rxb7 31. Qf3 Rb4 32. Qc6 d5 33. Rfc1 Rxc4 34.
Rxc4 dxc4 35. Qxc4 Bd6 36. Bf2 h5 37. Rb1 Qe8 38. Qd5 Rd8 39. Re1 Qf8 40. Qc6
Bxf4 41. Bc5 Bd6 42. Bxd6 cxd6 43. Ra1 Ra8 44. Qb7 Kh7 45. Qe4+ f5 46. Qf3 g6
47. Qb7+ Qg7 48. Qxa8 Qxa1+ 49. Kf2 Qd4+ 50. Kf3 Qd3+ 51. Kf2 Qd2+ 52. Kf3 Qc3+
53. Kf2 Qb2+ 54. Kf3 Qb3+ 55. Kf2 d5 56. Qb8 Qc2+ 57. Kf3 Qe4+ 58. Kf2 Qd4+ 59.
Kf3 Qd3+ 60. Kf2 Qd4+ 61. Kf3 Qd3+ 62. Kf2 Qd4+ 63. Kf3 {
Game drawn by repetition} 1/2-1/2

[Event "ICS Rated blitz match"]
[Site "207.99.83.227"]
[Date "1999.03.17"]
[Round "?"]
[White "blunite"]
[Black "Hossa"]
[Result "0-1"]
[WhiteElo "2229"]
[BlackElo "2427"]
[PlyCount "66"]

1. e4 e5 2. Nf3 Nc6 3. Bc4 Bc5 4. Nc3 Nf6 5. a3 O-O 6. d3 d6 7. O-O Bg4 8. h3
Bh5 9. g4 Bg6 10. Bg5 Nb8 11. Nd5 c6 12. Nxf6+ gxf6 13. Bh6 Re8 14. Nh4 d5 15.
exd5 cxd5 16. Bb5 Nc6 17. Nf5 Bxf5 18. gxf5 Kh8 19. Kh1 Rg8 20. Qh5 Nd4 21. Ba4
b5 22. Bb3 Qd7 23. Be3 Nxb3 24. cxb3 d4 25. Bh6 Qd5+ 26. f3 Qxb3 27. Rg1 Qxd3
28. Raf1 Rac8 29. Rf2 Rxg1+ 30. Kxg1 Rg8+ 31. Rg2 Qb1+ 32. Kh2 Rxg2+ 33. Kxg2
33... d3 {blunite resigns} 0-1

[Event "ICS Rated blitz match"]
[Site "207.99.83.227"]
[Date "1999.03.17"]
[Round "?"]
[White "Hossa"]
[Black "rb"]
[Result "0-1"]
[WhiteElo "2435"]
[BlackElo "2419"]
[Annotator "Crafty v16.6"]
[PlyCount "83"]

{annotating for player Hossa using a scoring margin of +0.10 pawns. search
time limit is 12.00} 1. e4 1... e5 2. Nf3 Nc6 3. Bc4 Bc5 4. c3 ({7:-0.27} 4. c3
4... Nf6 5. d4 exd4 6. e5 Ne4 7. cxd4 $10) ({7:+0.08} 4. Qe2 4... Nh6 5. O-O
O-O 6. d4 Nxd4 7. Nxd4 Bxd4 8. Bxh6 8... gxh6 $10) 4... Nf6 5. d4 exd4 6. e5 d5
7. Bb5 ({8:-0.27} 7. Bb5 7... Ne4 8. cxd4 Be7 9. O-O O-O 10. Nc3 Bf5 11. Nxe4
Bxe4 12. Bxc6 12... bxc6 $10) ({8:-0.05} 7. exf6 7... dxc4 8. fxg7 Rg8 9. cxd4
Nxd4 10. O-O Rxg7 11. Re1+ Kf8 12. Ne5 $10) 7... Ne4 8. cxd4 Bb6 9. Bxc6+ bxc6
10. Qc2 ({8:-0.47} 10. Qc2 10... c5 11. O-O O-O 12. dxc5 Bxc5 13. Nbd2 Nxd2 14.
Bxd2 14... Qe7 $15) ({8:-0.29} 10. O-O 10... O-O 11. Nc3 Nxc3 12. bxc3 Bg4 13.
Rb1 c5 14. Be3 cxd4 15. cxd4 $10) 10... c5 11. dxc5 Bxc5 12. O-O c6 13. Nbd2 ({
9:+0.29} 13. Nbd2 13... Qb6 14. Nxe4 dxe4 15. Ng5 e3 16. fxe3 Bxe3+ 17. Kh1
Bxg5 18. Bxg5 18... O-O $10) ({9:+0.61} 13. Ng5 13... Nxg5 14. Qxc5 Bb7 15. Nc3
Ne6 16. Qb4 Ba6 17. Rd1 $14) 13... Bxf2+ 14. Kh1 Qb6 15. Nxe4 dxe4 16. Qxe4 Bc5
17. Ng5 Rf8 18. Qxh7 Ba6 19. Rd1 Rd8 20. Rxd8+ Qxd8 21. Bf4 Qd4 22. Qe4 Qd5 23.
e6 Qxe4 24. Nxe4 Be7 25. Nd6+ Bxd6 26. Bxd6 Rh8 27. Rc1 Bb5 28. e7 Rh5 29. Re1
Rd5 30. Bb4 c5 31. Bc3 f6 32. Ba5 Rd7 33. b4 c4 34. a4 Bxa4 35. h4 c3 36. Ra1
c2 37. Kh2 Rd1 38. Bb6 axb6 39. Rxa4 c1=Q 40. Ra8+ Kxe7 41. Ra7+ Kd6 42. Rxg7
0-1

[Event "ICS rated bullet match"]
[Site "207.99.83.227"]
[Date "1999.03.17"]
[Round "?"]
[White "Hossa"]
[Black "TDChess"]
[Result "0-1"]
[WhiteElo "2386"]
[BlackElo "2561"]
[Annotator "Crafty v16.6"]
[PlyCount "168"]

{annotating for player Hossa using a scoring margin of +0.10 pawns. search
time limit is 12.00} 1. e4 1... d5 2. exd5 Qxd5 3. Nc3 Qe6+ 4. Be2 Qg6 5. Bf3
Nc6 6. d3 ({8:+0.12} 6. d3 6... Nd4 7. Be4 f5 8. Nd5 Qc6 9. Nxe7 Nxc2+ 10. Kf1
$10) ({8:+0.53} 6. Nge2 6... Bf5 7. Nb5 Bxc2 8. Nxc7+ Kd7 9. Nf4 Qf5 10. Bg4
Bxd1 11. Bxf5+ Kxc7 12. Kxd1 $14) 6... Nd4 7. Be3 e5 8. Nd5 Qd6 9. Nc3 Nf6 10.
Bg5 Be7 11. Qd2 O-O 12. O-O-O Rb8 13. Bxf6 Bxf6 14. Ne4 Qc6 15. Nxf6+ Qxf6 16.
Qa5 Qg5+ 17. Kb1 Nxf3 18. Nxf3 Qxg2 19. Nxe5 Be6 20. f3 Rfc8 21. Qc5 Ra8 22.
Qb4 Bd5 23. Rdg1 Qf2 24. Qg4 g6 25. Qf4 Qc5 26. Qf6 Be6 27. Ng4 Qd5 28. Nh6+
Kf8 29. b3 Rd8 30. Qh8+ Ke7 31. Qxh7 Qxf3 32. Rf1 Rh8 33. Qg7 Qd5 34. Nxf7 Rhg8
35. Qf6+ Kd7 36. Ne5+ Kd6 37. Nxg6 Rae8 38. Nf4 Qe5 39. Qxe5+ Kxe5 40. Nxe6
Rxe6 41. Re1+ Kd6 42. Rxe6+ Kxe6 43. Kb2 Rh8 44. Kc3 Rh4 45. Kd2 Kd6 46. Ke3 b5
47. Kf3 c5 48. Kg3 Rh8 49. h3 Rg8+ 50. Kh4 Rg2 51. Rc1 b4 52. Kh5 Kd5 53. h4
Kd4 54. Kh6 Kc3 55. Rf1 Rxc2 56. Rf3 Kb2 57. d4 cxd4 58. Kg6 Kxa2 59. Rd3 Rc3
60. Rxd4 Kxb3 61. Rg4 a5 62. Rg1 Rc6+ 63. Kh5 a4 64. Rb1+ Kc4 65. Rc1+ Kb5 66.
Ra1 b3 67. Rb1 Kb4 68. Rg1 b2 69. Rg4+ Kb5 70. Rg7 b1=Q 71. Rb7+ Rb6 72. Rg7
Qg6+ 73. Rxg6 Rxg6 74. Kxg6 a3 75. h5 a2 76. h6 a1=Q 77. Kf5 Kc5 78. Kg5 Qh8
79. Kg6 Kd5 80. Kg5 Qe5+ 81. Kg6 Ke6 82. Kh7 Qg5 83. Kh8 Kf7 84. h7 Qg7# 0-1

[Event "ICS rated bullet match"]
[Site "207.99.83.227"]
[Date "1999.03.17"]
[Round "?"]
[White "Hossa"]
[Black "Gromit211"]
[Result "0-1"]
[WhiteElo "2383"]
[BlackElo "2301"]
[Annotator "Crafty v16.6"]
[PlyCount "118"]

{annotating for player Hossa using a scoring margin of +0.10 pawns. search
time limit is 12.00} 1. e4 1... e6 2. d4 d5 3. Nc3 Nf6 4. e5 Nfd7 5. Nf3 c5 6.
Bg5 Be7 7. Bxe7 Qxe7 8. Nb5 Kd8 9. c3 ({8:+0.26} 9. c3 9... Nc6 10. Nd6 f6 11.
Bb5 fxe5 12. dxc5 Nxc5 13. Nxc8 $10) ({8:+0.57} 9. dxc5 9... Nc6 10. Nd6 Nxc5
11. Bb5 Nxe5 12. Nxe5 Qxd6 13. Nxf7+ $14) 9... Nc6 10. Be2 cxd4 11. cxd4 Qb4+
12. Qd2 Qxd2+ 13. Nxd2 ({10:-1.02} 13. Nxd2 13... a6 14. Nd6 Nxd4 15. Nxf7+ Ke7
16. Nxh8 Nc2+ 17. Kd1 Nxa1 18. Bd3 Nxe5 19. Bxh7 $17) ({10:-0.23} 13. Kxd2
13... a6 14. Nc3 b6 15. Rhc1 Bb7 16. Ke1 Ke8 17. Kf1 17... Rc8 $10) 13... a6
14. Nd6 Ke7 15. Nb3 f6 16. f4 fxe5 17. fxe5 Rf8 18. Bd3 a5 19. Bxh7 a4 20. Nc5
Nxd4 21. Nxd7 Bxd7 22. Kd2 Nb5 23. Nxb7 Rf2+ 24. Ke3 Rxb2 25. Nc5 Bc6 26. Kf3
Nc3 27. a3 d4+ 28. Ne4 Rf8+ 29. Kg4 Nxe4 30. Rhg1 Nf2+ 31. Kg5 Rh8 32. Rac1 Be8
33. Rc7+ Kf8 34. Bg6 Bxg6 35. Kxg6 Rh6+ 36. Kg5 Rxh2 37. Ra7 Ne4+ 38. Kf4 Nc3
39. Kf3 d3 40. Rf1 Rbxg2 41. Ke3+ Ke8 42. Ra8+ Kd7 43. Rf7+ Kc6 44. Ra6+ Kc5
45. Rc7+ Kb5 46. Rxe6 Nd5+ 47. Ke4 Nxc7 48. Rd6 d2 49. e6 Rg1 50. e7 d1=Q 51.
Rxd1 Rxd1 52. Kf5 Rd3 53. Ke4 Rxa3 54. Ke5 Re2+ 55. Kf5 Rxe7 56. Kg5 Rg3+ 57.
Kh5 Rg2 58. Kh4 Re3 59. Kh5 Rh3# 0-1

[Event "ICS Rated blitz match"]
[Site "207.99.83.227"]
[Date "1999.03.17"]
[Round "?"]
[White "Gromit211"]
[Black "Hossa"]
[Result "1-0"]
[WhiteElo "2540"]
[BlackElo "2468"]
[Annotator "Crafty v16.6"]
[PlyCount "110"]

{annotating for player Hossa using a scoring margin of +0.10 pawns. search
time limit is 12.00} 1. d4 1... Nf6 2. c4 g6 3. Nf3 Bg7 4. Nc3 O-O ({8:-0.29} 
4... O-O 5. e4 d6 6. Be2 c5 7. dxc5 dxc5 8. Qxd8 Rxd8 9. O-O $10) ({8:-0.18} 
4... d5 5. e3 Nc6 6. Ne5 dxc4 7. Nxc6 bxc6 8. Bxc4 8... O-O $10) 5. e4 d6 ({
9:-0.33} 5... d6 6. Be2 Nc6 7. O-O Bg4 8. Bg5 Qd7 9. Qd3 9... Rad8 $14) ({
9:-0.21} 5... c5 6. dxc5 Nc6 7. Be2 Qa5 8. O-O Qxc5 9. Be3 9... Qh5 $10) 6. h3
e5 7. d5 Na6 8. Be3 c6 ({9:-0.17} 8... c6 9. dxc6 bxc6 10. Be2 Rb8 11. Rb1 Qe7
12. O-O Nc5 13. Bxc5 13... dxc5 $10) ({9:-0.06} 8... Nc5 9. Bd3 Nxd3+ 10. Qxd3
Bd7 11. O-O Rc8 12. Ng5 Qe7 13. Nb5 13... a6 $10) 9. dxc6 bxc6 10. Be2 Rb8 11.
Qc2 Nb4 ({9:-0.39} 11... Nb4 12. Qd2 Qe7 13. O-O Na6 14. Ng5 Rd8 15. Rad1 15...
Nb4 $14) ({9:-0.12} 11... Qe7 12. O-O Nh5 13. Bg5 f6 14. Be3 Nf4 15. Bxf4 exf4
16. Rad1 $10) 12. Qd2 Qe7 13. Rd1 Rd8 14. O-O Na6 15. a3 Rb3 16. c5 Ne8 17. Bc4
Rb8 18. b4 Nac7 19. Bg5 Bf6 20. Bxf6 Qxf6 21. Qg5 Qxg5 22. Nxg5 Be6 23. Nxe6
Nxe6 24. Bxe6 fxe6 25. cxd6 Nxd6 26. Rd3 Nc4 27. Rxd8+ Rxd8 28. Nb1 Rd3 29. Rc1
Rd4 30. f3 Kf7 31. h4 Ke7 32. Kf2 Kd6 33. Kg3 h5 34. Rc2 a5 35. bxa5 Nxa5 36.
Ra2 Rd3 37. a4 Kc5 38. Kf2 Kb4 39. Ke2 Rb3 40. Nd2 Ra3 41. Rxa3 Kxa3 42. g4
hxg4 43. fxg4 Kxa4 44. h5 gxh5 45. gxh5 Nb7 46. Nc4 Kb4 47. Nxe5 Kc5 48. h6 Kd6
49. h7 Kxe5 50. h8=Q+ Kd6 51. Qb8+ Kc5 52. Qxb7 Kd4 53. Qxc6 Ke5 54. Ke3 Kf6
55. Qd7 e5 1-0

[Event "ICS Rated blitz match"]
[Site "207.99.83.227"]
[Date "1999.03.17"]
[Round "?"]
[White "Hossa"]
[Black "Gromit211"]
[Result "0-1"]
[WhiteElo "2455"]
[BlackElo "2553"]
[PlyCount "66"]

1. e4 c5 2. Bc4 e6 3. Nc3 a6 4. d3 Nc6 5. Nf3 b5 6. Bb3 d6 7. O-O Be7 8. Bd2
Nf6 9. Qe2 O-O 10. Rae1 Bb7 11. Nd1 Ne5 12. Nxe5 dxe5 13. Ne3 a5 14. a4 c4 15.
dxc4 Nxe4 16. Rd1 bxa4 17. Bxa4 Qc7 18. Be1 Rfd8 19. Rxd8+ Rxd8 20. c3 Nc5 21.
Bc2 e4 22. Qh5 Nd3 23. b3 Nf4 24. Qg4 h5 25. Qd1 Rxd1 26. Bxd1 Bc5 27. g3 Qd8
28. gxf4 Bxe3 29. Bxh5 Bxf4 30. Bg4 Qg5 31. h3 f5 32. f3 exf3 33. Bf2 33...
fxg4 {Hossa resigns} 0-1

[Event "ICS rated blitz match"]
[Site "207.99.83.227"]
[Date "1999.03.17"]
[Round "?"]
[White "Data"]
[Black "Hossa"]
[Result "1-0"]
[WhiteElo "2844"]
[BlackElo "2443"]
[Annotator "Crafty v16.6"]
[PlyCount "120"]

{annotating for player Hossa using a scoring margin of +0.10 pawns. search
time limit is 12.00} 1. e4 1... e5 2. f4 exf4 3. Nf3 Bb4 4. Nc3 Nf6 ({8:+0.33} 
4... Nf6 5. e5 Qe7 6. Be2 Ng4 7. Nd5 Qc5 8. Nxb4 8... Qxb4 $15) ({8:+0.51} 4...
Ne7 5. d4 d5 6. e5 Ng6 7. Bd3 Nh4 8. Qe2 $15) 5. e5 Bxc3 ({8:-0.05} 5... Bxc3
6. dxc3 Nh5 7. Qd5 Qe7 8. Qc4 Qe6 9. Qxc7 9... O-O $10) ({8:+0.38} 5... Nh5 6.
Nd5 Nc6 7. Qe2 O-O 8. Qe4 a5 9. Nxf4 Nxf4 10. Qxf4 $15) 6. dxc3 Nh5 7. Qd5 O-O
8. Bd2 Nc6 9. O-O-O Ne7 10. Qd4 Nf5 11. Qa4 d5 12. Be2 Be6 ({8:-0.76} 12... Be6
13. Nd4 Nxd4 14. Qxd4 Qg5 15. Kb1 c5 16. Qxc5 Qxe5 17. Bxh5 Qxh5 18. Bxf4 $16)
({8:-0.11} 12... Bd7 13. Qb4 b6 14. Qb3 Ne3 15. Bxe3 fxe3 16. Qxd5 16... Nf4
$10) 13. Nd4 Qg5 14. Nxe6 fxe6 15. Qd7 Rae8 ({8:-1.50} 15... Rae8 16. g4 Nfg3
17. hxg3 Nxg3 18. Rhe1 Qxe5 19. Bf3 $16) ({8:-0.51} 15... Qg6 16. Bxh5 Qxh5 17.
Qxe6+ Qf7 18. Qxf7+ Kxf7 19. Bxf4 Ke6 20. g4 Nh6 21. Bxh6 21... gxh6 $14) 16.
g4 Nfg3 17. hxg3 Nxg3 18. Rhe1 Nxe2+ 19. Rxe2 Qxg4 20. Rf2 f3 21. Rdf1 Ra8 22.
Qxc7 Rf7 23. Qc5 Qe4 24. Qd6 Qg4 25. Be3 a5 26. Rh1 Qe4 27. Bd2 Re8 28. Kb1 Qa4
29. Qc5 Qe4 30. Re1 Qh4 31. Ref1 a4 32. Qb5 Ref8 33. Qb6 Re8 34. Qc5 Qe4 35.
Qb5 Rc8 36. Qb6 Rc6 37. Qd8+ Rf8 38. Qxf8+ Kxf8 39. Rxf3+ Qxf3 40. Rxf3+ Ke8
41. Rg3 Kf7 42. Rf3+ Ke8 43. b3 b5 44. Rf4 axb3 45. cxb3 Rb6 46. Rb4 Kd7 47. a4
Kc6 48. Be3 Rb7 49. a5 Rb8 50. c4 dxc4 51. bxc4 g6 52. a6 Ra8 53. cxb5+ Kd5 54.
b6 Rf8 55. b7 Rb8 56. a7 Rxb7 57. a8=Q Kxe5 58. Qxb7 h6 59. Qc7+ Kf6 60. Rf4+
Kg5 1-0

[Event "ICS rated blitz match"]
[Site "207.99.83.227"]
[Date "1999.03.17"]
[Round "?"]
[White "Hossa"]
[Black "rajah"]
[Result "0-1"]
[WhiteElo "2440"]
[BlackElo "2482"]
[Annotator "Crafty v16.6"]
[PlyCount "144"]

{annotating for player Hossa using a scoring margin of +0.10 pawns. search
time limit is 12.00} 1. e4 1... e5 2. Nf3 f5 3. Nxe5 ({9:+0.44} 3. Nxe5 3...
Qf6 4. Nc4 fxe4 5. Nc3 Qf5 6. Be2 Nf6 7. O-O $14) ({9:+0.72} 3. exf5 3... Nc6
4. Qe2 Nge7 5. Nxe5 Nxe5 6. Qxe5 d6 7. Qe4 7... Bxf5 $16) 3... Qf6 4. Nc4 ({
8:+0.43} 4. Nc4 4... fxe4 5. Qh5+ g6 6. Qd5 Qf5 7. Qxf5 gxf5 8. Nc3 8... Nf6
$14) ({8:+0.56} 4. d4 4... d6 5. Nc4 fxe4 6. Qh5+ Qg6 7. Qxg6+ hxg6 8. Nc3 Nc6
9. Nb5 $14) 4... fxe4 5. Ne3 ({8:+0.14} 5. Ne3 5... Nc6 6. Qh5+ g6 7. Qb5 Qd4
8. Nd5 Bd6 9. Bc4 $10) ({8:+0.45} 5. Nc3 5... Qg6 6. Nd5 Na6 7. Nce3 c6 8. Bxa6
8... cxd5 $14) 5... Nc6 6. Bc4 ({7:-0.04} 6. Bc4 6... Qe5 7. Nc3 Nf6 8. Nb5 d5
9. d4 $10) ({7:+0.34} 6. d3 6... Qf4 7. dxe4 Nf6 8. f3 Bb4+ 9. Nc3 Bxc3+ 10.
bxc3 10... Ne5 $14) 6... Qe5 7. O-O ({8:-0.29} 7. O-O 7... Nf6 8. c3 Bd6 9. g3
Rf8 10. d3 Bc5 11. dxe4 11... Nxe4 $10) ({8:+0.02} 7. Nc3 7... Nf6 8. Ned5 Nxd5
9. Bxd5 Bb4 10. a3 Bxc3 11. dxc3 11... Rf8 $10) 7... Nf6 8. f4 exf3 9. Qxf3 Bd6
10. Qh3 Bc5 11. Rf5 Bxe3+ 12. dxe3 Qe7 13. Qf3 ({8:-0.83} 13. Qf3 13... Ne5 14.
Qf4 Nxc4 15. Qxc4 d5 16. Rxd5 Nxd5 17. Qxd5 $17) ({8:-0.10} 13. Qh4 13... d5
14. Rxf6 gxf6 15. Qh5+ Kd8 16. Qxd5+ Bd7 17. Nc3 17... Kc8 $10) 13... Ne5 14.
Qf4 ({9:-1.55} 14. Qf4 14... d6 15. Rg5 h6 16. Rxe5 dxe5 17. Qf3 Rf8 18. Nc3
$19) ({9:-1.08} 14. Qf1 14... Nxc4 15. Qxc4 d5 16. Rxd5 Be6 17. Qa4+ Bd7 18.
Qa5 Nxd5 19. Qxd5 $17) 14... d6 15. Rg5 h6 16. Rxe5 dxe5 17. Qf3 c6 18. Nc3 Bg4
19. Qg3 O-O-O 20. b3 h5 21. a4 h4 22. Qf2 h3 23. Ba3 Qd7 24. Qg3 hxg2 25. Bc5
Rh3 26. Qxe5 Re8 27. Qf4 Qd2 28. Bxa7 Qxc3 29. Qb8+ Kd7 30. Qxb7+ Kd6 31. Bd4
Qd2 32. Bb6 Nd5 33. Bxd5 Qxd5 34. Qxg7 Bf3 35. Re1 Qe4 36. Qf7 Re7 37. Qf8 Qe5
38. Qb8+ Kd7 39. Qb7+ Ke6 40. Qc8+ Rd7 41. Qe8+ Kf6 42. Bd8+ Rxd8 43. Qxd8+ Kg6
44. Qg8+ Kh6 45. Qf8+ Kg5 46. Qf4+ Qxf4 47. exf4+ Kxf4 48. a5 Rh7 49. a6 Ra7
50. Ra1 Kg5 51. b4 Bd5 52. Ra5 Kh4 53. Rxd5 cxd5 54. Kxg2 Rxa6 55. Kf3 Rc6 56.
Kf4 Rxc2 57. Ke5 Rb2 58. Kxd5 Rxb4 59. Kc5 Rb2 60. h3 Kxh3 61. Kd5 Kg4 62. Kc4
Kf4 63. Kd3 Rb4 64. Kc3 Re4 65. Kd3 Kf3 66. Kc3 Ke2 67. Kb2 Kd3 68. Kb3 Kd2 69.
Kb2 Re3 70. Kb1 Kc3 71. Ka2 Re1 72. Ka3 Ra1# 0-1

[Event "ICS rated bullet match"]
[Site "207.99.83.227"]
[Date "1999.03.17"]
[Round "?"]
[White "MaDmIdGeT"]
[Black "Hossa"]
[Result "0-1"]
[WhiteElo "2153"]
[BlackElo "2373"]
[PlyCount "82"]

1. e4 d6 2. d4 Nf6 3. Bd3 e5 4. c3 Be7 5. Ne2 O-O 6. O-O Bg4 7. h3 Bxe2 8. Qxe2
exd4 9. cxd4 Nc6 10. Be3 Nb4 11. Nc3 Nxd3 12. Qxd3 Qd7 13. Rac1 Rae8 14. Rfd1
Bd8 15. f3 c6 16. Ne2 Qe6 17. Nf4 Qe7 18. a3 Nd7 19. Nh5 d5 20. e5 Nxe5 21.
dxe5 Qxe5 22. Bxa7 Qxh5 23. Bc5 Be7 24. Bf2 Bd6 25. Qd4 Re2 26. Qg4 Qxg4 27.
hxg4 Rxb2 28. Rb1 Rxb1 29. Rxb1 b5 30. a4 bxa4 31. Ra1 a3 32. Be1 Re8 33. Bc3
Re2 34. Rd1 Rc2 35. Bd4 c5 36. Be3 d4 37. Bf2 a2 38. Rf1 d3 39. g3 Be5 40. Rd1
a1=Q 41. Be3 41... Qxd1# {MaDmIdGeT checkmated} 0-1

[Event "ICS Rated standard match"]
[Site "207.99.83.227"]
[Date "1999.03.17"]
[Round "?"]
[White "Hossa"]
[Black "The1NOnly"]
[Result "1-0"]
[WhiteElo "2168"]
[BlackElo "2034"]
[PlyCount "29"]

1. e4 c5 2. Bc4 Nc6 3. f4 b6 4. Nh3 Bb7 5. O-O Qc7 6. d3 e6 7. Nc3 f6 8. f5
exf5 9. Nb5 Qd8 10. exf5 d6 11. Qh5+ g6 12. fxg6 Qe7 13. g7+ Kd7 14. gxh8=Q Bg7
15. Qf5+ {The1NOnly resigns} 1-0

[Event "ICS Rated standard match"]
[Site "207.99.83.227"]
[Date "1999.03.17"]
[Round "?"]
[White "The1NOnly"]
[Black "Hossa"]
[Result "0-1"]
[WhiteElo "2007"]
[BlackElo "2172"]
[PlyCount "24"]

1. d4 Nf6 2. c4 g6 3. Nc3 Bg7 4. Bf4 O-O 5. Nf3 d6 6. h3 Nc6 7. Qd2 d5 8. Bh6
dxc4 9. Rd1 Bxh6 10. Qxh6 Qd6 11. Ng5 Nxd4 12. Nce4 12... Nc2# {
The1NOnly checkmated} 0-1

[Event "ICS Rated standard match"]
[Site "207.99.83.227"]
[Date "1999.03.17"]
[Round "?"]
[White "Hossa"]
[Black "The1NOnly"]
[Result "1-0"]
[WhiteElo "2176"]
[BlackElo "1987"]
[PlyCount "55"]

1. e4 e6 2. d4 c6 3. Nf3 Nf6 4. e5 Ne4 5. Bd3 f5 6. Bxe4 fxe4 7. Ng5 Be7 8.
Nxe4 O-O 9. O-O b6 10. Nbc3 Bb7 11. Re1 c5 12. dxc5 bxc5 13. Nd6 Bxg2 14. Kxg2
Bh4 15. Nce4 Nc6 16. Be3 Nxe5 17. Bxc5 Rf4 18. Be3 Rg4+ 19. Kh1 Rb8 20. Bxa7
Rb4 21. Bc5 Ra4 22. Bd4 h5 23. Bxe5 Qa8 24. Qf3 Rxa2 25. Qf7+ Kh8 26. Qxh5+ Kg8
27. Qxg4 Rxa1 28. Qxg7# {The1NOnly checkmated} 1-0

[Event "ICS rated bullet match"]
[Site "207.99.83.227"]
[Date "1999.03.17"]
[Round "?"]
[White "Hossa"]
[Black "Garrincha"]
[Result "1-0"]
[WhiteElo "2380"]
[BlackElo "2199"]
[PlyCount "29"]

1. e4 e5 2. Nf3 Nc6 3. Bb5 f5 4. exf5 e4 5. Qe2 Nf6 6. d3 d5 7. dxe4 dxe4 8.
Bxc6+ bxc6 9. Nh4 Bd6 10. Qc4 Qe7 11. Qxc6+ Kf7 12. Qxa8 g5 13. Bxg5 Qe5 14.
Nc3 Ba6 15. Qxh8 {Garrincha resigns} 1-0

[Event "ICS Rated blitz match"]
[Site "164.58.253.13"]
[Date "1999.03.17"]
[Round "?"]
[White "Hossa"]
[Black "POWERHOUSE"]
[Result "1/2-1/2"]
[WhiteElo "2043"]
[BlackElo "2121"]
[PlyCount "169"]

1. e4 e5 2. Nf3 Nc6 3. Bb5 Nf6 4. O-O Bc5 5. Bxc6 dxc6 6. Nxe5 Nxe4 7. Qe2 Qd5
8. d4 Bxd4 9. Nf3 Bg4 10. Nbd2 f5 11. c4 Qe5 12. Re1 O-O-O 13. Nxe4 Bxf3 14.
Qxf3 Rhf8 15. Qh3 Kb8 16. Be3 fxe4 17. Re2 Bxb2 18. Rb1 Bc3 19. Rc2 b6 20. a4
Qd6 21. Qh5 g6 22. c5 Qd3 23. Qe2 Ka8 24. Qxd3 Rxd3 25. h3 bxc5 26. Bxc5 Rb8
27. Rbc1 Bd2 28. Rf1 Ba5 29. Be7 Rc3 30. Re2 Rc4 31. Ra2 Bc3 32. Rc2 Rb2 33.
Rfc1 Rxc2 34. Rxc2 a5 35. Bf6 Kb7 36. Bxc3 Ka6 37. Rc1 Rxa4 38. Rd1 Rc4 39. Be5
Kb5 40. Bxc7 c5 41. Bf4 Rd4 42. Rb1+ Rb4 43. Rc1 Rb2 44. Re1 Rb4 45. Bd2 Ra4
46. Bg5 Rd4 47. Bf6 Rb4 48. Be7 a4 49. Rc1 Rc4 50. Ra1 h6 51. Rb1+ Kc6 52. Rd1
Rd4 53. Rc1 Rd5 54. Rc4 a3 55. Ra4 Rd7 56. Bf8 Rd3 57. Bxh6 Kd5 58. Ra6 Rb3 59.
Be3 Kc4 60. Rc6 Rb1+ 61. Kh2 a2 62. Rxc5+ Kb4 63. Bd4 a1=Q 64. Bxa1 Kxc5 65.
Be5 Rf1 66. Kg3 Kd5 67. Bf4 Re1 68. h4 Kd4 69. Bg5 Kd3 70. Bf4 Rh1 71. Kg4 Ke2
72. Kg5 Kxf2 73. g3 e3 74. Bxe3+ Kxe3 75. Kxg6 Rg1 76. h5 Rxg3+ 77. Kf7 Rh3 78.
Kg6 Rh4 79. h6 Rg4+ 80. Kh5 Rg8 81. h7 Rd8 82. Kh6 Rc8 83. Kg7 Rb8 84. h8=Q
Rxh8 85. Kxh8 {Neither player has mating material} 1/2-1/2

[Event "ICS Rated blitz match"]
[Site "164.58.253.13"]
[Date "1999.03.18"]
[Round "?"]
[White "Hossa"]
[Black "POWERHOUSE"]
[Result "1-0"]
[WhiteElo "2036"]
[BlackElo "2125"]
[PlyCount "69"]

1. e4 e5 2. Nf3 d6 3. Be2 Nf6 4. Nc3 c5 5. O-O Nc6 6. Bc4 Nd4 7. Ng5 Be6 8.
Nxe6 fxe6 9. Ne2 d5 10. Nxd4 cxd4 11. Bb5+ Kf7 12. f4 Qc7 13. exd5 exd5 14.
fxe5 Qxe5 15. d3 Bd6 16. Bf4 Qe7 17. Bg5 Qe5 18. Qh5+ Kg8 19. Qh3 a6 20. Bf4
Qh5 21. Qe6+ Qf7 22. Qxd6 axb5 23. Be5 Qf8 24. Qb6 Qf7 25. Bxf6 gxf6 26. Rxf6
Qd7 27. Qxd4 Rd8 28. Re1 Rf8 29. Rxf8+ Kxf8 30. Qxh8+ Kf7 31. Qxh7+ Kf6 32.
Qxd7 Kg5 33. Qg7+ Kf4 34. h4 b6 35. Qg5# {POWERHOUSE checkmated} 1-0

[Event "ICS rated blitz match"]
[Site "207.99.83.227"]
[Date "1999.03.18"]
[Round "?"]
[White "StrongBach"]
[Black "Hossa"]
[Result "0-1"]
[WhiteElo "1890"]
[BlackElo "2396"]
[PlyCount "72"]

1. d4 Nf6 2. Qd3 d5 3. Na3 e6 4. Qc3 Nc6 5. Bd2 Ne4 6. Qd3 Bxa3 7. bxa3 Nxd2 8.
Qxd2 O-O 9. e3 Qd6 10. Qc3 e5 11. dxe5 Nxe5 12. Rc1 Re8 13. Bb5 c6 14. Be2 Qg6
15. Bf1 Bf5 16. Rb1 b6 17. Rc1 Re7 18. Qb4 Rae8 19. Qa4 Be4 20. f3 b5 21. Qb3
Nxf3+ 22. gxf3 Bxf3 23. Nxf3 Rxe3+ 24. Kd1 Rxb3 25. axb3 Qe4 26. Bd3 Qxf3+ 27.
Kd2 Qf4+ 28. Kd1 Qg5 29. h4 Qg2 30. Rf1 Re3 31. Rf4 Rf3 32. Rb4 Qg1+ 33. Kd2
Qe3+ 34. Kd1 Rf2 35. Bxh7+ Kxh7 36. a4 36... Rd2# {StrongBach checkmated} 0-1

[Event "ICS Rated standard match"]
[Site "207.99.83.227"]
[Date "1999.03.18"]
[Round "?"]
[White "Hossa"]
[Black "raw-pawn"]
[Result "1-0"]
[WhiteElo "2180"]
[BlackElo "1914"]
[PlyCount "55"]

1. e4 c5 2. Bc4 Nc6 3. f4 e6 4. Nc3 Nge7 5. Nge2 d5 6. exd5 exd5 7. Bb5 Bg4 8.
O-O a6 9. h3 axb5 10. hxg4 b4 11. Nb5 Na7 12. Nxa7 Rxa7 13. d4 Nc6 14. Re1 Be7
15. dxc5 Bxc5+ 16. Nd4+ Kd7 17. Be3 Re8 18. Nf5 d4 19. c3 Kc7 20. cxd4 Rxe3 21.
Rxe3 Nxd4 22. Rc1 Kb6 23. Rxc5 Kxc5 24. Re8 Nf3+ 25. Qxf3 Qxe8 26. Qf2+ Kc4 27.
Qd4+ Kb5 28. Nd6+ {raw-pawn resigns} 1-0